[Event "Reykjavik op"]
[Site "Reykjavik"]
[Date "2017.04.20"]
[Round "2"]
[White "Meyer, Juergen"]
[Black "Theuer, Lorenz"]
[Result "1-0"]
[WhiteElo "1944"]
[BlackElo "1583"]
[PlyCount "139"]
[EventDate "2017.04.19"]
[EventType "swiss"]
[EventRounds "10"]
[EventCountry "ISL"]
[SourceTitle "CBM 178 Extra"]
[Source "ChessBase"]
[SourceDate "2017.06.22"]
[SourceVersion "1"]
[SourceVersionDate "2017.06.22"]
[SourceQuality "1"]

1. e4 e6 2. d4 d5 3. Nc3 Bb4 4. e5 Ne7 5. Bd2 b6 6. Nb5 Bxd2+ 7. Qxd2 Nf5 8. Bd3 a6 9. Bxf5 exf5 10. Na3 Be6 11. c3 Nd7 12. f4 c5 13. Nf3 cxd4 14. cxd4 f6 15. Nc2 a5 16. Na3 fxe5 17. fxe5 0-0 18. Nb5 f4 19. Nd6 Nf6 20. exf6 Qxd6 21. fxg7 Kxg7 22. 0-0 Qb4 23. a3 Qxd2 24. Nxd2 Rf6 25. Rac1 Rc8 26. Rxc8 Bxc8 27. Rc1 Bg4 28. Rc3 Kg6 29. Kf2 Re6 30. Nf3 Bxf3 31. gxf3 Kf5 32. b4 axb4 33. axb4 Rh6 34. Kg2 Rg6+ 35. Kf1 Rh6 36. Kg1 Rg6+ 37. Kf1 Rh6 38. Rc2 Re6 39. Rc7 Rh6 40. Kg2 Rg6+ 41. Kh1 h6 42. Rf7+ Rf6 43. Rd7 Ke6 44. Rb7 Kf5 45. b5 Rd6 46. Kg2 Kg5 47. Kf2 Kf6 48. Rb8 Kf7 49. Kg2 Rg6+ 50. Kh3 Ke7 51. Rb7+ Ke8 52. Kh4 Rg2 53. Rxb6 Rxh2+ 54. Kg4 Rd2 55. Kxf4 Rxd4+ 56. Ke5 Rd3 57. f4 h5 58. Rh6 Rb3 59. b6 h4 60. Kxd5 h3 61. Kc6 Rc3+ 62. Kb7 Kd7 63. Rh7+ Kd6 64. Kb8 Rb3 65. b7 Re3 66. f5 Kc6 67. f6 Kb6 68. f7 Rf3 69. Rh6+ Kc5 70. Kc8 1-0